Immortal in death : (Record no. 356140)
[ view plain ]
| 000 -LEADER | |
|---|---|
| fixed length control field | 00369nam a2200121Ia 4500 |
| 008 - FIXED-LENGTH DATA ELEMENTS--GENERAL INFORMATION | |
| fixed length control field | 180309s9999 xx 000 0 und d |
| 020 ## - INTERNATIONAL STANDARD BOOK NUMBER | |
| International Standard Book Number | 425153789 |
| 100 ## - MAIN ENTRY--PERSONAL NAME | |
| Personal name | Robb, J.D |
| 245 ## - TITLE STATEMENT | |
| Title | Immortal in death : |
| Remainder of title | beauty and youth are desperate matters for some |
| 260 ## - PUBLICATION, DISTRIBUTION, ETC. (IMPRINT) | |
| Place of publication, distribution, etc | USA : |
| Name of publisher, distributor, etc | 1996 |
| Date of publication, distribution, etc | Berkley books |
| 300 ## - PHYSICAL DESCRIPTION | |
| Extent | 312 pages |
| 650 ## - SUBJECT ADDED ENTRY--TOPICAL TERM | |
| Topical term or geographic name as entry element | Female police investigators-Fiction. |
| Withdrawn status | Lost status | Damaged status | Home library | Current library | Shelving location | Date acquired | Source of acquisition | Total Checkouts | Full call number | Barcode | Date last seen | Date checked out | Price effective from | Koha item type |
|---|---|---|---|---|---|---|---|---|---|---|---|---|---|---|
| College Library | College Library | Fiction Section | 03/13/2018 | 1 | PS 3568.O243 .R631 1996 | c21373 | 10/22/2024 | 10/14/2024 | 03/13/2018 | Books |